[Event "CAN-op"]
[Site "Sackville CAN"]
[Date "2001.07.11"]
[Round "6"]
[White "Palmer, Jordan"]
[Black "Gregorz, Ralph"]
[Result "0-1"]
[WhiteElo "1765"]
[BlackElo "2050"]
[PlyCount "112"]
[GameId "2160767911564183"]
[EventDate "2001.07.07"]
[EventType "swiss"]
[EventRounds "10"]
[EventCountry "CAN"]
[SourceTitle "EXT 2006"]
[Source "ChessBase"]
[SourceDate "2005.11.24"]
[SourceVersion "1"]
[SourceVersionDate "2005.11.24"]
[SourceQuality "1"]

1. e4 Nc6 2. Nf3 d6 3. d4 e5 4. dxe5 Nxe5 5. Nxe5 dxe5 6. Qxd8+ Kxd8 7. Bc4 Be6 8. Bxe6 fxe6 9. O-O Bd6 10. Bg5+ Nf6 11. Nc3 Ke7 12. Rad1 h6 13. Bxf6+ gxf6 14. Rd3 Rad8 15. Rfd1 c6 16. Kf1 Bc7 17. Ke2 Rxd3 18. Rxd3 Rg8 19. g3 Rd8 20. Rxd8 Bxd8 21. f4 f5 22. fxe5 Bc7 23. exf5 exf5 24. b3 Ke6 25. Ke3 Kxe5 26. Ne2 Bb6+ 27. Kd3 Bd8 28. Ke3 Bg5+ 29. Nf4 h5 30. c3 h4 31. Kf3 hxg3 32. hxg3 Bh6 33. Ke3 c5 34. Kf3 b5 35. a3 a5 36. Ke3 b4 37. cxb4 cxb4 38. a4 Bg5 39. Kd3 Bxf4 40. gxf4+ Kxf4 41. Kc4 Ke3 42. Kb5 f4 43. Kxa5 f3 44. Kxb4 f2 45. a5 f1=Q 46. Kc5 Qf5+ 47. Kb6 Qe6+ 48. Kb7 Qxb3+ 49. Kc7 Qc4+ 50. Kb6 Qb4+ 51. Kc6 Qxa5 52. Kd6 Ke4 53. Kc6 Ke5 54. Kd7 Qb6 55. Ke7 Qc7+ 56. Kf8 Kf6 0-1

[Event "CAN-op"]
[Site "Sackville CAN"]
[Date "2001.07.11"]
[Round "6"]
[White "Peters, Michael"]
[Black "Palsson, Halldor"]
[Result "0-1"]
[WhiteElo "1748"]
[BlackElo "2182"]
[PlyCount "66"]
[GameId "2160767911564184"]
[EventDate "2001.07.07"]
[EventType "swiss"]
[EventRounds "10"]
[EventCountry "CAN"]
[SourceTitle "EXT 2006"]
[Source "ChessBase"]
[SourceDate "2005.11.24"]
[SourceVersion "1"]
[SourceVersionDate "2005.11.24"]
[SourceQuality "1"]

1. e4 e6 2. d4 d5 3. exd5 exd5 4. Bd3 Bd6 5. Nf3 Bg4 6. O-O Nc6 7. c3 Qd7 8. Re1+ Nge7 9. Nbd2 O-O-O 10. b4 f6 11. Qa4 a6 12. Bxa6 bxa6 13. Qxa6+ Kb8 14. b5 Na7 15. b6 cxb6 16. Qxb6+ Ka8 17. a4 Rb8 18. Qa6 Rhc8 19. Ba3 Bxa3 20. Rxa3 Rc6 21. Qa5 Nec8 22. Nb3 Nb6 23. Nc5 Qc8 24. Re7 Rc7 25. Rxc7 Qxc7 26. Na6 Qd6 27. Rb3 Rb7 28. Nd2 Nc4 29. Nc7+ Rxc7 30. Nxc4 dxc4 31. Rb6 Qe7 32. Qd5+ Rb7 33. Qg8+ Bc8 0-1

[Event "CAN-op"]
[Site "Sackville CAN"]
[Date "2001.07.11"]
[Round "6"]
[White "Poirier, David"]
[Black "Tremblay, Brent"]
[Result "1/2-1/2"]
[WhiteElo "1880"]
[BlackElo "1634"]
[PlyCount "68"]
[GameId "2160767911564185"]
[EventDate "2001.07.07"]
[EventType "swiss"]
[EventRounds "10"]
[EventCountry "CAN"]
[SourceTitle "EXT 2006"]
[Source "ChessBase"]
[SourceDate "2005.11.24"]
[SourceVersion "1"]
[SourceVersionDate "2005.11.24"]
[SourceQuality "1"]

1. d4 d5 2. Nf3 c6 3. Bf4 Nf6 4. h3 Bf5 5. c3 Qb6 6. Qb3 e6 7. Nbd2 Be7 8. Nh4 Ne4 9. Nxf5 exf5 10. Qxb6 axb6 11. e3 Nd7 12. Nxe4 fxe4 13. Be2 O-O 14. Kd2 c5 15. a3 c4 16. h4 b5 17. h5 Ra6 18. Rag1 Rfa8 19. g4 Bxa3 20. bxa3 Rxa3 21. Rc1 Ra2+ 22. Ke1 Rb2 23. Rf1 Raa2 24. Bd1 Nb6 25. Bd6 Na4 26. Bb4 Rd2 27. Rb1 Rd3 28. Bxa4 bxa4 29. Ba5 Rdd2 30. Rxb7 Rdb2 31. Rxb2 Rxb2 32. Bb4 Rb1+ 33. Ke2 Rb2+ 34. Kd1 Rb1+ 1/2-1/2

[Event "CAN-op"]
[Site "Sackville CAN"]
[Date "2001.07.11"]
[Round "6"]
[White "Poitras, Luc"]
[Black "Fairbairn, Stephen"]
[Result "1/2-1/2"]
[WhiteElo "2200"]
[BlackElo "2028"]
[PlyCount "81"]
[GameId "2160767911564186"]
[EventDate "2001.07.07"]
[EventType "swiss"]
[EventRounds "10"]
[EventCountry "CAN"]
[SourceTitle "EXT 2006"]
[Source "ChessBase"]
[SourceDate "2005.11.24"]
[SourceVersion "1"]
[SourceVersionDate "2005.11.24"]
[SourceQuality "1"]

1. e4 c6 2. d4 d5 3. Nc3 dxe4 4. Nxe4 Bf5 5. Ng3 Bg6 6. Bc4 Nd7 7. h4 h6 8. N1e2 Ngf6 9. Nf4 Bh7 10. O-O Nb6 11. Bb3 Nbd5 12. Nxd5 Nxd5 13. c4 Nf6 14. d5 Qc7 15. Qf3 O-O-O 16. Bf4 Qd7 17. Ba4 Qg4 18. Qxg4+ Nxg4 19. dxc6 bxc6 20. f3 e5 21. fxg4 exf4 22. Rxf4 Bc5+ 23. Kh1 f6 24. Bxc6 Rd2 25. b3 Bd4 26. Raf1 Be5 27. R4f3 Rxa2 28. Nh5 Re8 29. Bd5 Bg8 30. Bxg8 Rxg8 31. g3 Rd8 32. R1f2 Rxf2 33. Rxf2 Rd3 34. Nxg7 Rxb3 35. Nf5 Bxg3 36. Ra2 Kb7 37. Kg2 Bf4 38. Rf2 Be5 39. Nxh6 Rg3+ 40. Kf1 a5 41. g5 1/2-1/2

[Event "CAN-op"]
[Site "Sackville CAN"]
[Date "2001.07.11"]
[Round "6"]
[White "Quiring, John"]
[Black "Ng, Gary"]
[Result "0-1"]
[WhiteElo "1974"]
[BlackElo "1731"]
[PlyCount "60"]
[GameId "2160767911564187"]
[EventDate "2001.07.07"]
[EventType "swiss"]
[EventRounds "10"]
[EventCountry "CAN"]
[SourceTitle "EXT 2006"]
[Source "ChessBase"]
[SourceDate "2005.11.24"]
[SourceVersion "1"]
[SourceVersionDate "2005.11.24"]
[SourceQuality "1"]

1. c4 b6 2. d4 Bb7 3. Nc3 e6 4. Bf4 f5 5. e3 Nf6 6. Nf3 Bb4 7. Qb3 Bxc3+ 8. Qxc3 O-O 9. Be2 d6 10. O-O Ne4 11. Qc2 Nd7 12. Ne1 g5 13. Bg3 f4 14. d5 Nec5 15. b4 Na6 16. Qe4 e5 17. exf4 gxf4 18. Bd3 Qe7 19. Nf3 fxg3 20. a3 Rf4 21. Qe3 gxh2+ 22. Kh1 Raf8 23. Rae1 Qg7 24. Qe2 Nab8 25. Qc2 h6 26. Re4 c6 27. Rxf4 Rxf4 28. Bf5 Qf6 29. Be6+ Kg7 30. Qd3 e4 0-1

[Event "CAN-op"]
[Site "Sackville CAN"]
[Date "2001.07.11"]
[Round "6"]
[White "Ramaswamy, Kiran"]
[Black "Villeneuve, Luc"]
[Result "1-0"]
[WhiteElo "1879"]
[BlackElo "1631"]
[PlyCount "65"]
[GameId "2160767911564188"]
[EventDate "2001.07.07"]
[EventType "swiss"]
[EventRounds "10"]
[EventCountry "CAN"]
[SourceTitle "EXT 2006"]
[Source "ChessBase"]
[SourceDate "2005.11.24"]
[SourceVersion "1"]
[SourceVersionDate "2005.11.24"]
[SourceQuality "1"]

1. c4 c5 2. g3 g6 3. Bg2 Bg7 4. Nc3 Nc6 5. Nf3 Nf6 6. O-O O-O 7. d4 cxd4 8. Nxd4 a6 9. e3 e5 10. Nc2 d6 11. b3 Re8 12. h3 e4 13. Bb2 h5 14. Qe2 Bf5 15. Rfd1 Ne5 16. Ne1 Qe7 17. Nd5 Nxd5 18. Rxd5 Qe6 19. Kh2 Rad8 20. Rad1 b5 21. Bxe5 Bxe5 22. cxb5 axb5 23. Qxb5 h4 24. Nc2 Qf6 25. Qe2 hxg3+ 26. fxg3 Kg7 27. Nd4 Bxh3 28. Bxh3 Rh8 29. Rh1 Qh4 30. Qg2 Qxg3+ 31. Qxg3 Rxh3+ 32. Kxh3 Rh8+ 33. Qh4 1-0

[Event "CAN-op"]
[Site "Sackville CAN"]
[Date "2001.07.11"]
[Round "6"]
[White "Ramaswamy, Kishor"]
[Black "Cooke, Mathew G"]
[Result "1-0"]
[WhiteElo "1906"]
[BlackElo "1708"]
[PlyCount "107"]
[GameId "2160767911564189"]
[EventDate "2001.07.07"]
[EventType "swiss"]
[EventRounds "10"]
[EventCountry "CAN"]
[SourceTitle "EXT 2006"]
[Source "ChessBase"]
[SourceDate "2005.11.24"]
[SourceVersion "1"]
[SourceVersionDate "2005.11.24"]
[SourceQuality "1"]

1. d4 Nf6 2. Bg5 Ne4 3. Bf4 e6 4. Nf3 b6 5. e3 Bb7 6. Bd3 h6 7. h3 d5 8. O-O Nd7 9. Re1 Be7 10. c3 c5 11. Ne5 Nxe5 12. Bxe5 O-O 13. Nd2 Nxd2 14. Qxd2 c4 15. Bc2 Bd6 16. f4 Be7 17. f5 Bc8 18. fxe6 Bxe6 19. e4 Bg5 20. Bf4 Bxf4 21. Qxf4 dxe4 22. Bxe4 Rc8 23. Re3 f5 24. Bb7 Rc7 25. Rxe6 Rxb7 26. Rae1 Qc7 27. Qe3 f4 28. Qf3 Qf7 29. d5 Rd8 30. d6 Rbd7 31. Qd5 f3 32. Re8+ Kh7 33. Qxf7 Rxf7 34. Rxd8 f2+ 35. Kf1 fxe1=Q+ 36. Kxe1 Kg6 37. d7 Kf6 38. Ke2 Re7+ 39. Kf3 Ke6 40. Ke4 Kd6+ 41. Kd4 b5 42. Rb8 Rxd7 43. Rxb5 Kc6+ 44. Kxc4 Rd2 45. g4 g6 46. b4 Rxa2 47. Ra5 Rh2 48. Rxa7 Rxh3 49. b5+ Kb6 50. Ra6+ Kb7 51. Rxg6 Rh4 52. Kc5 h5 53. Rg7+ Kb8 54. Kb6 1-0

[Event "CAN-op"]
[Site "Sackville CAN"]
[Date "2001.07.11"]
[Round "6"]
[White "Robertson, Matthew"]
[Black "Lipnowski, Michael"]
[Result "1-0"]
[WhiteElo "2032"]
[BlackElo "1767"]
[PlyCount "71"]
[GameId "2160767911564190"]
[EventDate "2001.07.07"]
[EventType "swiss"]
[EventRounds "10"]
[EventCountry "CAN"]
[SourceTitle "EXT 2006"]
[Source "ChessBase"]
[SourceDate "2005.11.24"]
[SourceVersion "1"]
[SourceVersionDate "2005.11.24"]
[SourceQuality "1"]

1. d4 Nf6 2. c4 e6 3. Nf3 c5 4. d5 exd5 5. cxd5 d6 6. Nc3 g6 7. e4 Bg7 8. Nd2 a6 9. a4 O-O 10. Be2 Re8 11. O-O Nbd7 12. Ra3 Rb8 13. h3 b6 14. Qc2 Qe7 15. f4 Bb7 16. Bf3 Ba8 17. Qd3 Bb7 18. b3 c4 19. bxc4 Nc5 20. Qc2 Nfd7 21. Ne2 Qh4 22. Bb2 Bh6 23. Qc3 f6 24. Bg4 Bg7 25. g3 Qh6 26. Nd4 Rbc8 27. Ne6 Bh8 28. Nxc5 Nxc5 29. Re1 b5 30. axb5 axb5 31. Bxc8 Rxc8 32. h4 Na4 33. Rxa4 bxa4 34. Qb4 Ba8 35. Qxd6 Qh5 36. Qe6+ 1-0

[Event "CAN-op"]
[Site "Sackville CAN"]
[Date "2001.07.11"]
[Round "6"]
[White "Roschman, Paul"]
[Black "Anderson, Ashton"]
[Result "1-0"]
[WhiteElo "1625"]
[BlackElo "1820"]
[PlyCount "67"]
[GameId "2160767911564191"]
[EventDate "2001.07.07"]
[EventType "swiss"]
[EventRounds "10"]
[EventCountry "CAN"]
[SourceTitle "EXT 2006"]
[Source "ChessBase"]
[SourceDate "2005.11.24"]
[SourceVersion "1"]
[SourceVersionDate "2005.11.24"]
[SourceQuality "1"]

1. e4 c5 2. c4 Nc6 3. Nc3 g6 4. b3 Bg7 5. Bb2 d6 6. Bd3 Nf6 7. Nge2 O-O 8. O-O a6 9. a3 h5 10. Bc2 Qc7 11. Qb1 h4 12. Nd5 Nxd5 13. Bxg7 Kxg7 14. exd5 Ne5 15. f4 Ng4 16. f5 g5 17. Qb2+ f6 18. h3 Ne5 19. Kh1 Bd7 20. d4 cxd4 21. Nxd4 Rh8 22. Ne6+ Bxe6 23. fxe6 Qc5 24. Rae1 Rac8 25. Rf5 Rhf8 26. Qc1 Kh6 27. Re4 Rg8 28. Rxh4+ Kg7 29. Rh7+ Kf8 30. Qd1 Ke8 31. Qh5+ Kd8 32. Rxe7 Kxe7 33. Qh7+ Kd8 34. Rxe5 1-0

[Event "CAN-op"]
[Site "Sackville CAN"]
[Date "2001.07.11"]
[Round "6"]
[White "Strojevs, Alexander"]
[Black "Bourque, Lionel"]
[Result "1-0"]
[WhiteElo "1809"]
[BlackElo "1585"]
[PlyCount "115"]
[GameId "2160767911564193"]
[EventDate "2001.07.07"]
[EventType "swiss"]
[EventRounds "10"]
[EventCountry "CAN"]
[SourceTitle "EXT 2006"]
[Source "ChessBase"]
[SourceDate "2005.11.24"]
[SourceVersion "1"]
[SourceVersionDate "2005.11.24"]
[SourceQuality "1"]

1. d4 d5 2. c4 c6 3. e3 Nf6 4. Nf3 Bf5 5. Nc3 e6 6. Bd3 Bb4 7. Bxf5 exf5 8. cxd5 Nxd5 9. Bd2 O-O 10. O-O Re8 11. Re1 Bd6 12. Qc2 Nxc3 13. Bxc3 Re4 14. g3 Nd7 15. Nd2 Rg4 16. Qxf5 Nf6 17. e4 Bc7 18. Rad1 Qd7 19. Qxd7 Nxd7 20. e5 Re8 21. Kg2 Rg6 22. f4 Rge6 23. Nf3 Nb6 24. Ng5 R6e7 25. b3 Nd5 26. Bb2 f6 27. Ne4 f5 28. Nc5 b6 29. Nd3 h5 30. Nf2 Kh7 31. Nh3 Kh6 32. Ng5 Bd8 33. Nf3 Re6 34. h4 b5 35. a3 a5 36. Kf2 g6 37. Rc1 b4 38. a4 Rg8 39. Rc2 Rg7 40. Rec1 Rc7 41. Rc5 Rd7 42. Rxc6 Rxc6 43. Rxc6 Ne7 44. Rc4 Rc7 45. Rxc7 Bxc7 46. Ke2 Kg7 47. Ng5 Nd5 48. Ne6+ Kf7 49. Nxc7 Nxc7 50. Kd3 Ke6 51. Kc4 Nd5 52. Bc1 Nc3 53. Bd2 Nd5 54. Kb5 Nc3+ 55. Kxa5 Ne4 56. Be1 Kd5 57. Kxb4 Kxd4 58. a5 1-0

[Event "CAN-op"]
[Site "Sackville CAN"]
[Date "2001.07.11"]
[Round "6"]
[White "Strub, Michael"]
[Black "Demmery, Steve"]
[Result "0-1"]
[WhiteElo "1690"]
[BlackElo "2125"]
[PlyCount "106"]
[GameId "2160767911564194"]
[EventDate "2001.07.07"]
[EventType "swiss"]
[EventRounds "10"]
[EventCountry "CAN"]
[SourceTitle "EXT 2006"]
[Source "ChessBase"]
[SourceDate "2005.11.24"]
[SourceVersion "1"]
[SourceVersionDate "2005.11.24"]
[SourceQuality "1"]

1. d4 d5 2. c4 Bf5 3. Nc3 e6 4. cxd5 exd5 5. Nf3 c6 6. Bg5 f6 7. Bf4 Nd7 8. e3 Qb6 9. Qd2 g5 10. Bg3 h5 11. h4 g4 12. Nh2 Nh6 13. Be2 Rg8 14. Bf4 Nf7 15. O-O Bd6 16. g3 Bxf4 17. exf4 Nd6 18. Na4 Qd8 19. Rfc1 Kf7 20. Qb4 Nb6 21. Nxb6 axb6 22. a3 Ne4 23. Bd3 Nxg3 24. fxg3 Bxd3 25. Rc3 Be4 26. Nf1 Re8 27. Re1 Qc7 28. Nd2 f5 29. Rb3 b5 30. Rc1 Qa5 31. Qxa5 Rxa5 32. Re3 Ra4 33. b4 Rea8 34. Rcc3 Ke7 35. Rb3 Kd6 36. Kf2 Re8 37. Ke2 Re7 38. Kd1 Ra8 39. Nxe4+ Rxe4 40. Rxe4 dxe4 41. Rc3 b6 42. Kc2 Kd5 43. Kb2 Rc8 44. Kc2 Kxd4 45. Kd2 c5 46. bxc5 bxc5 47. Rb3 Rb8 48. Rb1 b4 49. axb4 Rxb4 50. Rxb4+ cxb4 51. Kc2 e3 52. Kd1 b3 53. Kc1 Kd3 0-1

[Event "CAN-op"]
[Site "Sackville CAN"]
[Date "2001.07.11"]
[Round "6"]
[White "Taylor, David"]
[Black "Senecal, Jean-Pierre"]
[Result "0-1"]
[WhiteElo "1406"]
[BlackElo "1603"]
[PlyCount "54"]
[GameId "2160767911564195"]
[EventDate "2001.07.07"]
[EventType "swiss"]
[EventRounds "10"]
[EventCountry "CAN"]
[SourceTitle "EXT 2006"]
[Source "ChessBase"]
[SourceDate "2005.11.24"]
[SourceVersion "1"]
[SourceVersionDate "2005.11.24"]
[SourceQuality "1"]

1. e4 c5 2. c3 e5 3. Nf3 Nc6 4. d4 cxd4 5. cxd4 Bb4+ 6. Bd2 Bxd2+ 7. Qxd2 Nf6 8. d5 Na5 9. b4 Nxe4 10. Qe3 f5 11. bxa5 Qxa5+ 12. Nbd2 d6 13. Ng5 O-O 14. Bd3 Qc3 15. O-O Qxd2 16. Bxe4 Qxe3 17. fxe3 fxe4 18. Rxf8+ Kxf8 19. Nxh7+ Ke7 20. Ng5 Bf5 21. Rc1 Rd8 22. Rc7+ Rd7 23. Rc4 b5 24. Rc3 Kf6 25. h4 Rb7 26. Rc6 Ke7 27. Rc8 Bxc8 0-1

[Event "CAN-op"]
[Site "Sackville CAN"]
[Date "2001.07.11"]
[Round "6"]
[White "Thiede, Gunther"]
[Black "Smith, Andrew I"]
[Result "1/2-1/2"]
[WhiteElo "1922"]
[BlackElo "1700"]
[PlyCount "120"]
[GameId "2160767911564196"]
[EventDate "2001.07.07"]
[EventType "swiss"]
[EventRounds "10"]
[EventCountry "CAN"]
[SourceTitle "EXT 2006"]
[Source "ChessBase"]
[SourceDate "2005.11.24"]
[SourceVersion "1"]
[SourceVersionDate "2005.11.24"]
[SourceQuality "1"]

1. e4 c6 2. d4 d6 3. Nf3 Bg4 4. Be2 g6 5. h3 Bxf3 6. Bxf3 Bg7 7. O-O Nd7 8. c3 Ngf6 9. Nd2 O-O 10. Re1 Qc7 11. Nf1 b5 12. b4 e5 13. Bb2 Rac8 14. Qd3 Nb6 15. Rec1 a5 16. a3 axb4 17. cxb4 Nc4 18. Rc2 Nxb2 19. Rxb2 exd4 20. Rc2 Qb6 21. Rac1 Rc7 22. e5 dxe5 23. Bxc6 Rd8 24. Qxb5 Qxb5 25. Bxb5 Rxc2 26. Rxc2 d3 27. Ra2 e4 28. a4 Nd5 29. Nd2 Nxb4 30. Ra3 Nc2 31. Rb3 f5 32. a5 Bh6 33. Nf1 d2 34. Bc4+ Kh8 35. Nxd2 Bxd2 36. a6 Bf4 37. a7 Ra8 38. Rb7 e3 39. Kf1 exf2 40. Be2 Nd4 41. Kxf2 Nxe2 42. Kxe2 Rd8 43. Rd7 Rc8 44. Kf3 Be5 45. Ke2 Kg8 46. Re7 Bf4 47. Kf3 g5 48. g3 Bd6 49. Rd7 Ra8 50. Rxd6 Rxa7 51. Rd5 Rf7 52. g4 fxg4+ 53. Kxg4 h6 54. Rd6 Rf4+ 55. Kh5 Rh4+ 56. Kg6 Kf8 57. Rd3 Ke7 58. Rg3 Ke6 59. Re3+ Kd5 60. Rg3 Ke4 1/2-1/2

[Event "CAN-op"]
[Site "Sackville CAN"]
[Date "2001.07.11"]
[Round "6"]
[White "Tsui, Edwin"]
[Black "Tassone, Adam"]
[Result "0-1"]
[WhiteElo "1874"]
[BlackElo "1678"]
[PlyCount "60"]
[GameId "2160767911564197"]
[EventDate "2001.07.07"]
[EventType "swiss"]
[EventRounds "10"]
[EventCountry "CAN"]
[SourceTitle "EXT 2006"]
[Source "ChessBase"]
[SourceDate "2005.11.24"]
[SourceVersion "1"]
[SourceVersionDate "2005.11.24"]
[SourceQuality "1"]

1. e4 c5 2. Nc3 e6 3. g3 d5 4. exd5 exd5 5. d3 Nf6 6. Bg2 Nc6 7. Bg5 d4 8. Ne4 Be7 9. Bxf6 Bxf6 10. Nxc5 Qa5+ 11. Qd2 Qxc5 12. Nf3 O-O 13. O-O Re8 14. Rfe1 Bd7 15. h3 Rxe1+ 16. Rxe1 Re8 17. g4 Rxe1+ 18. Nxe1 g6 19. f4 Bg7 20. Qe2 Kf8 21. Qf2 Qe7 22. Kf1 Qb4 23. Qh4 Kg8 24. Nf3 Qxb2 25. Ne5 Bxe5 26. fxe5 Qc1+ 27. Kf2 Qxc2+ 28. Kg1 Qc1+ 29. Kh2 Qf4+ 30. Kh1 Qxe5 0-1

[Event "CAN-op"]
[Site "Sackville CAN"]
[Date "2001.07.11"]
[Round "6"]
[White "Ward, Kevin"]
[Black "Mallais, Daniel"]
[Result "0-1"]
[WhiteElo "1714"]
[BlackElo "1939"]
[PlyCount "72"]
[GameId "2160767911564198"]
[EventDate "2001.07.07"]
[EventType "swiss"]
[EventRounds "10"]
[EventCountry "CAN"]
[SourceTitle "EXT 2006"]
[Source "ChessBase"]
[SourceDate "2005.11.24"]
[SourceVersion "1"]
[SourceVersionDate "2005.11.24"]
[SourceQuality "1"]

1. f4 d5 2. Nf3 Bf5 3. b3 Nf6 4. Bb2 e6 5. e3 a6 6. Be2 c5 7. O-O Nc6 8. a3 Bd6 9. Nh4 Qe7 10. Nxf5 exf5 11. Bf3 O-O 12. Nc3 d4 13. exd4 Nxd4 14. g3 Rae8 15. Rf2 Ne4 16. Bxe4 fxe4 17. Nd5 Qe6 18. Ne3 Nf3+ 19. Kh1 f5 20. Qf1 b5 21. c4 Nd4 22. cxb5 axb5 23. b4 Nb3 24. bxc5 Nxc5 25. Bc3 Nd3 26. Re2 Ra8 27. Qb1 Rfb8 28. Nxf5 Qxf5 29. Qb3+ Kh8 30. Bb2 Rc8 31. Bc3 Qg4 32. Rf1 Qxe2 33. Rb1 Nf2+ 34. Kg2 Qf3+ 35. Kf1 Nd3+ 36. Kg1 Bc5+ 0-1

[Event "CAN-op"]
[Site "Sackville CAN"]
[Date "2001.07.11"]
[Round "6"]
[White "White, Chris"]
[Black "Von Keitz, Michael"]
[Result "1/2-1/2"]
[WhiteElo "1479"]
[BlackElo "1362"]
[PlyCount "76"]
[GameId "2160767911564199"]
[EventDate "2001.07.07"]
[EventType "swiss"]
[EventRounds "10"]
[EventCountry "CAN"]
[SourceTitle "EXT 2006"]
[Source "ChessBase"]
[SourceDate "2005.11.24"]
[SourceVersion "1"]
[SourceVersionDate "2005.11.24"]
[SourceQuality "1"]

1. e4 c5 2. Nf3 d6 3. Bc4 e6 4. Nc3 Nf6 5. d3 Be7 6. O-O O-O 7. a3 Nbd7 8. b4 a6 9. Bb2 cxb4 10. axb4 Nb6 11. Bb3 d5 12. Ba3 d4 13. Ne2 Nfd7 14. Nexd4 Bf6 15. b5 Re8 16. bxa6 Rxa6 17. Bb2 Ne5 18. Nxe5 Rxa1 19. Qxa1 Bxe5 20. g3 Qc7 21. f4 Bxd4+ 22. Bxd4 f6 23. f5 Qd6 24. Qb2 Rd8 25. fxe6 Kf8 26. Bxb6 Qxb6+ 27. Kg2 Ke7 28. Qa3+ Qd6 29. Qxd6+ Rxd6 30. Rb1 Rb6 31. Ba2 Rxb1 32. Bxb1 Bxe6 33. Kf3 Kd6 34. c4 Kc5 35. Bc2 Kd4 36. Ke2 f5 37. exf5 Bxf5 38. h4 Bg4+ 1/2-1/2

[Event "CAN-op"]
[Site "Sackville CAN"]
[Date "2001.07.12"]
[Round "7"]
[White "Anderson, Ashton"]
[Black "Smith, Maurice"]
[Result "1/2-1/2"]
[WhiteElo "1850"]
[BlackElo "1678"]
[PlyCount "65"]
[GameId "2160767911564201"]
[EventDate "2001.07.07"]
[EventType "swiss"]
[EventRounds "10"]
[EventCountry "CAN"]
[SourceTitle "EXT 2006"]
[Source "ChessBase"]
[SourceDate "2005.11.24"]
[SourceVersion "1"]
[SourceVersionDate "2005.11.24"]
[SourceQuality "1"]

1. e4 d6 2. d4 Nf6 3. Nc3 g6 4. Be3 Bg7 5. Qd2 h5 6. f3 Nc6 7. O-O-O e5 8. Nge2 Bd7 9. h3 Qe7 10. Nd5 Nxd5 11. exd5 Nxd4 12. Nxd4 exd4 13. Bg5 Qxg5 14. Qxg5 Bh6 15. Qxh6 Rxh6 16. Rxd4 O-O-O 17. Re4 Re8 18. Rxe8+ Bxe8 19. h4 Rh8 20. Bd3 Bd7 21. Re1 Re8 22. Rxe8+ Bxe8 23. Kd2 Bd7 24. Ke3 Kd8 25. Kf4 Ke7 26. Kg5 Be8 27. g4 hxg4 28. fxg4 Bd7 29. h5 gxh5 30. gxh5 f6+ 31. Kg6 Be8+ 32. Kh6 Kf8 33. Be4 1/2-1/2

[Event "CAN-op"]
[Site "Sackville CAN"]
[Date "2001.07.12"]
[Round "7"]
[White "Arseneau, Peter"]
[Black "Hathaway, John"]
[Result "1/2-1/2"]
[WhiteElo "1851"]
[BlackElo "2129"]
[PlyCount "107"]
[GameId "2160767911564202"]
[EventDate "2001.07.07"]
[EventType "swiss"]
[EventRounds "10"]
[EventCountry "CAN"]
[SourceTitle "EXT 2006"]
[Source "ChessBase"]
[SourceDate "2005.11.24"]
[SourceVersion "1"]
[SourceVersionDate "2005.11.24"]
[SourceQuality "1"]

1. e4 e6 2. d4 d5 3. Nc3 Nf6 4. e5 Nfd7 5. Nce2 c5 6. c3 b6 7. f4 Ba6 8. Nf3 g6 9. g3 Nc6 10. Be3 Be7 11. Kf2 Qc7 12. Rc1 Rb8 13. Bh3 h5 14. Nh4 Bxh4 15. gxh4 Qd8 16. Kg3 Ne7 17. Bf2 Nf5+ 18. Bxf5 Bxe2 19. Qxe2 gxf5 20. Kh3 Ke7 21. Rhg1 Qf8 22. Rg5 Qh6 23. Rcg1 c4 24. Be3 b5 25. a3 a5 26. Qc2 Nb6 27. Bd2 Qh7 28. Qd1 Qh6 29. R1g2 Rh7 30. Qg1 Nd7 31. Rg8 Rh8 32. Rxb8 Rxb8 33. Rg7 Rh8 34. Rg8 Rxg8 35. Qxg8 Qg6 36. Qxg6 fxg6 37. Kg3 Nb6 38. Kf3 Na4 39. Bc1 Kd7 40. Ke3 Kc6 41. Kd2 b4 42. axb4 axb4 43. Kc2 Kb5 44. Bd2 bxc3 45. bxc3 Nb6 46. Kb2 Ka4 47. Ka2 Nd7 48. Kb2 Nb8 49. Bc1 Nc6 50. Bd2 Na5 51. Bc1 Nb3 52. Be3 Na5 53. Bc1 Nb3 54. Be3 1/2-1/2

[Event "CAN-op"]
[Site "Sackville CAN"]
[Date "2001.07.12"]
[Round "7"]
[White "Bluvshtein, Ilia"]
[Black "Poirier, David"]
[Result "0-1"]
[WhiteElo "1880"]
[BlackElo "2145"]
[PlyCount "91"]
[GameId "2160767911564203"]
[EventDate "2001.07.07"]
[EventType "swiss"]
[EventRounds "10"]
[EventCountry "CAN"]

1. e4 Nc6 2. d4 e5 3. d5 Nce7 4. Nf3 Ng6 5. c4 Nf6 6. Nc3 Bc5 7. Be2 a5 8. O-O d6 9. Qc2 Bd7 10. Ne1 O-O 11. Nd3 Ba7 12. Kh1 Ng4 13. Bxg4 Bxg4 14. f3 Bd7 15. f4 exf4 16. Nxf4 Ne5 17. Nb5 Bb6 18. Nd3 Ng4 19. Bf4 Ne3 20. Bxe3 Bxe3 21. Rae1 Bg5 22. Nd4 Bf6 23. Nf5 g6 24. Ne3 Bg7 25. Rf4 Qg5 26. Ref1 Rae8 27. Qf2 Re7 28. h4 Qh6 29. Ng4 Bxg4 30. Rxg4 f5 31. exf5 Rxf5 32. Rf4 Rxf4 33. Nxf4 Rf7 34. Kg1 Be5 35. g3 g5 36. hxg5 Qxg5 37. Qe3 Bxf4 38. Rxf4 Rxf4 39. Qxf4 Qxf4 40. gxf4 Kg7 41. Kf2 Kf6 42. Kf3 Kf5 43. b3 h6 44. Ke3 h5 45. Kf3 h4 46. Ke3 0-1

[Event "CAN-op"]
[Site "Sackville CAN"]
[Date "2001.07.12"]
[Round "7"]
[White "Bowles, Charles"]
[Black "Kapadia, Ronak"]
[Result "0-1"]
[WhiteElo "1609"]
[BlackElo "2106"]
[PlyCount "54"]
[GameId "2160767911564206"]
[EventDate "2001.07.07"]
[EventType "swiss"]
[EventRounds "10"]
[EventCountry "CAN"]
[SourceTitle "EXT 2006"]
[Source "ChessBase"]
[SourceDate "2005.11.24"]
[SourceVersion "1"]
[SourceVersionDate "2005.11.24"]
[SourceQuality "1"]

1. Nf3 d5 2. g3 Nf6 3. Bg2 c6 4. d3 Bg4 5. h3 Bh5 6. Nbd2 Nbd7 7. O-O e5 8. e4 Bd6 9. Re1 O-O 10. Nf1 Re8 11. Ne3 Qc7 12. g4 Bg6 13. Nh4 dxe4 14. Nxg6 hxg6 15. dxe4 Rad8 16. Nc4 Bb4 17. c3 Nf8 18. Qe2 Bc5 19. b4 Be7 20. Be3 b6 21. f4 exf4 22. Bxf4 Qxf4 23. Rf1 Qc7 24. Qf3 Bd6 25. Rae1 Be5 26. a4 Ne6 27. g5 Nxg5 0-1

[Event "CAN-op"]
[Site "Sackville CAN"]
[Date "2001.07.12"]
[Round "7"]
[White "Brown, John R"]
[Black "Nathani, Kaleim"]
[Result "1/2-1/2"]
[WhiteElo "1723"]
[BlackElo "1867"]
[PlyCount "29"]
[GameId "2160767911564207"]
[EventDate "2001.07.07"]
[EventType "swiss"]
[EventRounds "10"]
[EventCountry "CAN"]

1. d4 Nf6 2. Nc3 g6 3. e4 d6 4. f4 c6 5. Nf3 b5 6. Bd3 b4 7. Ne2 Bg7 8. O-O O-O 9. Qe1 c5 10. e5 Ne8 11. dxc5 Nc6 12. cxd6 exd6 13. exd6 Nxd6 14. Qf2 Bf5 15. Bxf5 1/2-1/2